000 00722nam a2200241Ia 4500
003 OSt
005 20220918212345.0
006 a|||||r|||| 00| 0
007 ta
008 220917b |||||||| |||| 00| 0 eng d
024 _a128,577
037 _cTextual
040 _aARTS
_cARTS
_beng
041 _2eng
_aeng
082 _aX.613.N5, J5(906)
100 _aWoodruff H W
_9123575
245 0 _aFederation of Rhodesia and Nyasaland
_b Economic and commerical conditions in the federation of Rhodesia and Nyasaland
260 _aNA
_bNA
_c1955
490 _aOverseas Economic surveys
650 _aECONOMICS
942 _hX.613.N5, J5(906)
_cTEXL
_2CC
999 _c251715
_d251715